00843cam a22002417a 4500003000500000005001700005008004100022010001000063011001000073035001000083040000900093082001600102100004500118245011400163260008500277300001100362650004600373650002800419650002600447650003600473700003800509710005400547CHAP20250506093640.0971013s1993 r 00010 d a71480 a72452 a82007 cCHAP a630.724bR300aRamírez Miranda, César Adriáneed.13aLa agricultura regional en el estado de Zacatecasb: investigación, docencia y servicios (CRUCEN 1986-1990) aChapingo, Méx. :bUACH.Dirección de Centros Regionales Universitarios,c1993 a266 p.14aAgriculturaxInnovaciones tecnológicas.14aAgriculturaxZacatecas.14aRecursos genéticos.14aZacatecasxCondiciones rurales.1 aGallegos Vázquez, Clementeeed.0 aUACH. Centro Regional Universitario Centro Norte.